<?xml version="1.0" encoding="UTF-8"?>
<record
    xmlns:xsi="http://www.w3.org/2001/XMLSchema-instance"
    xsi:schemaLocation="http://www.loc.gov/MARC21/slim http://www.loc.gov/standards/marcxml/schema/MARC21slim.xsd"
    xmlns="http://www.loc.gov/MARC21/slim">

  <leader>00880nmm a22002775u 4500</leader>
  <datafield tag="999" ind1=" " ind2=" ">
    <subfield code="c">14690</subfield>
    <subfield code="d">14690</subfield>
  </datafield>
  <controlfield tag="005">20201026124728.0</controlfield>
  <controlfield tag="008">100301s2007    gw         j        eng d</controlfield>
  <datafield tag="020" ind1=" " ind2=" ">
    <subfield code="a">9783540715887</subfield>
  </datafield>
  <datafield tag="050" ind1="0" ind2="4">
    <subfield code="a">HD2746.55.J3</subfield>
  </datafield>
  <datafield tag="100" ind1="1" ind2=" ">
    <subfield code="a">Colcera, Enrico.</subfield>
  </datafield>
  <datafield tag="245" ind1="1" ind2="4">
    <subfield code="a">The Market for Corporate Control in Japan</subfield>
    <subfield code="h">[electronic resource] /</subfield>
    <subfield code="c">by Enrico Colcera.</subfield>
  </datafield>
  <datafield tag="250" ind1=" " ind2=" ">
    <subfield code="a">1a ed.</subfield>
  </datafield>
  <datafield tag="260" ind1=" " ind2=" ">
    <subfield code="a">Berlin, Heidelberg :</subfield>
    <subfield code="b">Springer-Verlag Berlin Heidelberg,</subfield>
    <subfield code="c">2007.</subfield>
  </datafield>
  <datafield tag="300" ind1=" " ind2=" ">
    <subfield code="b">v.: digital</subfield>
  </datafield>
  <datafield tag="650" ind1=" " ind2="4">
    <subfield code="a">Compa&#xF1;&#xED;as consolidadas </subfield>
    <subfield code="z">Jap&#xF3;n</subfield>
  </datafield>
  <datafield tag="650" ind1=" " ind2="4">
    <subfield code="a">Compa&#xF1;&#xED;as consolidadas </subfield>
    <subfield code="x">Leyes y legislaci&#xF3;n </subfield>
    <subfield code="z">Jap&#xF3;n</subfield>
  </datafield>
  <datafield tag="650" ind1=" " ind2="4">
    <subfield code="a">Gobierno corporativo </subfield>
    <subfield code="z">Jap&#xF3;n</subfield>
  </datafield>
  <datafield tag="710" ind1="2" ind2=" ">
    <subfield code="a">SpringerLink (Online service)</subfield>
  </datafield>
  <datafield tag="773" ind1="0" ind2=" ">
    <subfield code="t">Springer eBooks</subfield>
  </datafield>
  <datafield tag="856" ind1="4" ind2="0">
    <subfield code="u">http://dx.doi.org/10.1007/978-3-540-71588-7</subfield>
  </datafield>
  <datafield tag="942" ind1=" " ind2=" ">
    <subfield code="2">lcc</subfield>
    <subfield code="c">LIE</subfield>
  </datafield>
  <datafield tag="952" ind1=" " ind2=" ">
    <subfield code="1">0</subfield>
    <subfield code="2">lcc</subfield>
    <subfield code="4">0</subfield>
    <subfield code="7">0</subfield>
    <subfield code="a">DIGITAL</subfield>
    <subfield code="b">DIGITAL</subfield>
    <subfield code="c">COLDIG</subfield>
    <subfield code="d">2020-10-26</subfield>
    <subfield code="k">CSA</subfield>
    <subfield code="o">HD2746.55.J3 C65 2007</subfield>
    <subfield code="p">BDIG00008911</subfield>
    <subfield code="r">2020-10-26 00:00:00</subfield>
    <subfield code="t">1</subfield>
    <subfield code="u">http://dx.doi.org/10.1007/978-3-540-71588-7</subfield>
    <subfield code="v">1.00</subfield>
    <subfield code="y">LIE</subfield>
    <subfield code="z">SpringerLink</subfield>
  </datafield>
</record>
